| 000 | 00431nam a2200181Ia 4500 | ||
|---|---|---|---|
| 008 | 210210b1985 xxu||||| |||| 00| 0 eng d | ||
| 082 | _a658 KAPO | ||
| 100 | _aKAPOOR (O P) | ||
| 245 | _aOrganisation and management | ||
| 260 |
_aDelhi. _bDhanaat Rai & Sons., _c1985 |
||
| 300 | _a440 | ||
| 650 | _aOrganisation | ||
| 650 | _amanagement | ||
| 650 | _aand | ||
| 690 | _aManagement | ||
| 700 | _aNARANG (S D) | ||
| 906 | _a044497 | ||
| 999 |
_c93962 _d93962 |
||